Countries in the Caesar Cipher - Statistics

General Stats
  • This quiz has been taken 8 times
  • The average score is 14 of 20
Answer Stats
Cipher Element % Correct
Dijkdqlvwdq Afghanistan
100%
Dqgruud Andorra
100%
Dujhqwlqd Argentina
100%
Dxvwuld Austria
100%
Dchuedlmdq Azerbaijan
100%
Edkudlq Bahrain
100%
Eduedgrv Barbados
100%
Eholch Belize
100%
Ekxwdq Bhutan
100%
Erolyld Bolivia
100%
Exuxqgl Burundi
100%
Fdpergld Cambodia
100%
Fdqdgd Canada
100%
Fdsh Yhugh Cape Verde
100%
Frorpeld Colombia
100%
Fxed Cuba
100%
Fchfk Uhsxeolf Czech Republic
100%
Hfxdgru Ecuador
100%
Hjbsw Egypt
100%
Ilqodqg Finland
100%
Jderq Gabon
100%
Juhqdgd Grenada
100%
Jxlqhd-Elvvdx Guinea-Bissau
100%
Ludq Iran
100%
Luhodqg Ireland
100%
Nrvryr Kosovo
100%
Nxzdlw Kuwait
100%
Olhfkwhqvwhlq Liechtenstein
100%
Pdgdjdvfdu Madagascar
100%
Pdxulwlxv Mauritius
100%
Pbdqpdu Myanmar
100%
Qdxux Nauru
100%
Qljhu Niger
100%
Qruwk Nruhd North Korea
100%
Qruzdb Norway
100%
Sdsxd Qhz Jxlqhd Papua New Guinea
100%
Sdudjxdb Paraguay
100%
Sklolsslqhv Philippines
100%
Urpdqld Romania
100%
Uxvvld Russia
100%
Vdlqw Nlwwv dqg Qhylv Saint Kitts and Nevis
100%
Vhqhjdo Senegal
100%
Vlqjdsruh Singapore
100%
Vorydnld Slovakia
100%
Vrxwk Nruhd South Korea
100%
Vxulqdph Suriname
100%
Wdlzdq Taiwan
100%
Wrjr Togo
100%
Wulqlgdg dqg Wredjr Trinidad and Tobago
100%
Xjdqgd Uganda
100%
Xqlwhg Nlqjgrp United Kingdom
100%
Ydwlfdq Flwb Vatican City
100%
Bhphq Yemen
100%
Gmlerxwl Djibouti
67%
Vul Odqnd Sri Lanka
67%
Vzlwchuodqg Switzerland
67%
Dqwljxd dqg Eduexgd Antigua and Barbuda
50%
Fdphurrq Cameroon
50%
Ghprfudwlf Uhsxeolf ri wkh Frqjr Democratic Republic of the Congo
50%
Hwklrsld Ethiopia
50%
Ihghudwhg Vwdwhv ri Plfurqhvld Federated States of Micronesia
50%
Jhrujld Georgia
50%
Jhupdqb Germany
50%
Jxdwhpdod Guatemala
50%
Lyrub Frdvw Ivory Coast
50%
Nluledwl Kiribati
50%
Nbujbcvwdq Kyrgyzstan
50%
Ohvrwkr Lesotho
50%
Tdwdu Qatar
50%
Wxunhb Turkey
50%
Wxunphqlvwdq Turkmenistan
50%
Vbuld Syria
33%
Doedqld Albania
0%
Dojhuld Algeria
0%
Dqjrod Angola
0%
Duphqld Armenia
0%
Dxvwudold Australia
0%
Edkdpdv Bahamas
0%
Edqjodghvk Bangladesh
0%
Ehoduxv Belarus
0%
Ehojlxp Belgium
0%
Ehqlq Benin
0%
Ervqld dqg Khuchjrylqd Bosnia and Herzegovina
0%
Erwvzdqd Botswana
0%
Eudclo Brazil
0%
Euxqhl Brunei
0%
Exojduld Bulgaria
0%
Exunlqd Idvr Burkina Faso
0%
Fkdg Chad
0%
Fkloh Chile
0%
Fklqd China
0%
Frprurv Comoros
0%
Frvwd Ulfd Costa Rica
0%
Furdwld Croatia
0%
Fbsuxv Cyprus
0%
Ghqpdun Denmark
0%
Fhqwudo Diulfdq Uhsxeolf Central African Republic
0%
Vdr Wrph dqg Sulqflsh São Tomé and Príncipe
0%
Grplqlfd Dominica
0%
Grplqlfdq Uhsxeolf Dominican Republic
0%
Hdvw Wlpru East Timor
0%
Ho Vdoydgru El Salvador
0%
Htxdwruldo Jxlqhd Equatorial Guinea
0%
Hulwuhd Eritrea
0%
Hvwrqld Estonia
0%
Hvzdwlql Eswatini
0%
Ilml Fiji
0%
Iudqfh France
0%
Jdpeld Gambia
0%
Jkdqd Ghana
0%
Juhhfh Greece
0%
Jxlqhd Guinea
0%
Jxbdqd Guyana
0%
Kdlwl Haiti
0%
Krqgxudv Honduras
0%
Kxqjdub Hungary
0%
Lfhodqg Iceland
0%
Lqgld India
0%
Lqgrqhvld Indonesia
0%
Ludt Iraq
0%
Lvudho Israel
0%
Lwdob Italy
0%
Mdpdlfd Jamaica
0%
Mdsdq Japan
0%
Mrugdq Jordan
0%
Ndcdnkvwdq Kazakhstan
0%
Nhqbd Kenya
0%
Odrv Laos
0%
Odwyld Latvia
0%
Ohedqrq Lebanon
0%
Olehuld Liberia
0%
Olebd Libya
0%
Olwkxdqld Lithuania
0%
Oxahperxuj Luxembourg
0%
Pdodzl Malawi
0%
Pdodbvld Malaysia
0%
Pdoglyhv Maldives
0%
Pdol Mali
0%
Pdowd Malta
0%
Pduvkdoo Lvodqgv Marshall Islands
0%
Pdxulwdqld Mauritania
0%
Phalfr Mexico
0%
Progryd Moldova
0%
Prqdfr Monaco
0%
Prqjrold Mongolia
0%
Prqwhqhjur Montenegro
0%
Prurffr Morocco
0%
Prcdpeltxh Mozambique
0%
Qdpleld Namibia
0%
Qhsdo Nepal
0%
Qhwkhuodqgv Netherlands
0%
Qhz Chdodqg New Zealand
0%
Qlfdudjxd Nicaragua
0%
Qljhuld Nigeria
0%
Qruwk Pdfhgrqld North Macedonia
0%
Rpdq Oman
0%
Sdnlvwdq Pakistan
0%
Sdodx Palau
0%
Sdqdpd Panama
0%
Shux Peru
0%
Srodqg Poland
0%
Sruwxjdo Portugal
0%
Uhsxeolf ri wkh Frqjr Republic of the Congo
0%
Uzdqgd Rwanda
0%
Vdlqw Oxfld Saint Lucia
0%
Vdlqw Ylqfhqw dqg wkh Juhqdglqhv Saint Vincent and the Grenadines
0%
Vdprd Samoa
0%
Vdq Pdulqr San Marino
0%
Vdxgl Dudeld Saudi Arabia
0%
Vhueld Serbia
0%
Vhbfkhoohv Seychelles
0%
Vlhuud Ohrqh Sierra Leone
0%
Voryhqld Slovenia
0%
Vrorprq Lvodqgv Solomon Islands
0%
Vrpdold Somalia
0%
Vrxwk Diulfd South Africa
0%
Vrxwk Vxgdq South Sudan
0%
Vsdlq Spain
0%
Vxgdq Sudan
0%
Vzhghq Sweden
0%
Wdmlnlvwdq Tajikistan
0%
Wdqcdqld Tanzania
0%
Wkdlodqg Thailand
0%
Wrqjd Tonga
0%
Wxqlvld Tunisia
0%
Wxydox Tuvalu
0%
Xnudlqh Ukraine
0%
Xqlwhg Dude Hpludwhv United Arab Emirates
0%
Xqlwhg Vwdwhv United States
0%
Xuxjxdb Uruguay
0%
Xcehnlvwdq Uzbekistan
0%
Ydqxdwx Vanuatu
0%
Yhqhcxhod Venezuela
0%
Ylhwqdp Vietnam
0%
Cdpeld Zambia
0%
Clpedezh Zimbabwe
0%
No matching quizzes found
Score Distribution
Percent of People with Each Score
Percentile by Number Answered
Your Score History
You have not taken this quiz